000 00802nam a2200193 i 4500
001 30743
003 ES-MaACL
005 20230906154239.0
007 t|
008 030127s1941 cu ||||1| spa d
100 1 _aBatista, Fulgencio.
_926432
245 1 0 _aDiscurso del... presidente de la República Fulgencio Batista y Zaldívar y del Ministro de Educación Juan J. Remos y Rubio en la inauguración del Consejo de Educación y Cultura... /
_cFulgencio Batista y Zaldívar.
260 _a[S.l. :
_bs.n.,
_c1941] (
_eHabana :
_fCárdenas y Cía.)
300 _a18 p. ;
_c26 cm.
500 _aPrecede al tít.: República de Cuba. Ministerio de Educación.
700 1 _aRemos y Rubio, Juan J.
_996150
710 1 _aCuba.
_bMinisterio de Educación.
_93339
852 _aES-MaACL
_j1839-F-3
_bR.19042
999 _c30743
_d30743